书目信息 |
| 题名: |
新编混凝土配合比实用手册
|
|
| 作者: | 杨绍林 主编 | |
| 分册: | ||
| 出版信息: | 北京 中国建筑工业出版社 2002.05 |
|
| 页数: | 205页 | |
| 开本: | 20cm | |
| 丛书名: | ||
| 单 册: | ||
| 中图分类: | TU528-62 | |
| 科图分类: | ||
| 主题词: | 建筑材料:非金属材料 | |
| 电子资源: | ||
| ISBN: | 7-112-05029-4 | |
| 000 | 00611nam0 2200193 45 | |
| 001 | 0263471225 | |
| 005 | 2002060417375122 | |
| 010 | @a7-112-05029-4@dRMB 11.00 | |
| 100 | @a20020604d2002 km y0chiy0120 ea | |
| 101 | 0 | @achi |
| 102 | @aCN@b110000 | |
| 200 | 1 | @a新编混凝土配合比实用手册@Axin bian hun ning tu pei he bi shi yong shou ce@f杨绍林等主编@FYang Shao Lin Deng Zhu Bian |
| 210 | @a北京@c中国建筑工业出版社@d2002.05 | |
| 215 | @a205页@d20cm | |
| 606 | 0 | @a建筑材料:非金属材料 |
| 690 | @aTU528-62@v3 | |
| 701 | 0 | @a杨绍林@AYang Shao Lin@4主编 |
| 801 | 0 | @aCN@bPFT@c20020604 |
| 905 | @a10447@dTU528-62@eY263 | |
| 新编混凝土配合比实用手册/杨绍林等主编.-北京:中国建筑工业出版社,2002.05 |
| 205页;20cm |
| ISBN 7-112-05029-4:RMB 11.00 |
| ● |
| 相关链接 |
|
|
|
正题名:新编混凝土配合比实用手册
索取号:TU528-62/Y263
 
预约/预借
| 序号 | 登录号 | 条形码 | 馆藏地/架位号 | 状态 | 备注 |
| 1 | 354992 | 203549927 | 建筑库201/201建筑库 7排4列3层/ [索取号:TU528-62/Y263] | 在馆 | |
| 2 | 354993 | 203549936 | 自科二线404/404自科库 2排4列1层/ [索取号:TU528-62/Y263] | 在馆 | |
| 3 | 354994 | 203549945 | 自科二线404/404自科库 2排4列1层/ [索取号:TU528-62/Y263] | 在馆 |